The noble scholar, jurist, historian


 His Excellency Dr. Abdul Wahhab bin Ibrahim Abu Sulaiman, may Allah have mercy on him.


 He was born in Umm Al-Qura in the year 1356 AH.

ديوان ابن معصوم / (Record no. 11754)

MARC details
000 -LEADER
fixed length control field 01210cam a22003011i 4500
003 - CONTROL NUMBER IDENTIFIER
control field SA-RiAUC
005 - DATE AND TIME OF LATEST TRANSACTION
control field 20250915071959.0
008 - FIXED-LENGTH DATA ELEMENTS--GENERAL INFORMATION
fixed length control field 250910s1988 le g b 001 p ara c
040 ## - CATALOGING SOURCE
Original cataloging agency QA-DoQUL
Language of cataloging ara
Transcribing agency SA-RiAUC
Description conventions rda
082 04 - DEWEY DECIMAL CLASSIFICATION NUMBER
Classification number 811.84
090 ## - LOCALLY ASSIGNED LC-TYPE CALL NUMBER (OCLC); LOCAL CALL NUMBER (RLIN)
Classification number (OCLC) (R) ; Classification number, CALL (RLIN) (NR) 811.84
Local cutter number (OCLC) ; Book number/undivided call number, CALL (RLIN) ا ب ن م
100 1# - MAIN ENTRY--PERSONAL NAME
Personal name ابن معصوم، علي بن أحمد بن محمد،
Dates associated with a name 1052-1119 هجري
Relator term مؤلف.
245 10 - TITLE STATEMENT
Title ديوان ابن معصوم /
Statement of responsibility, etc. تحقيق شاكر هادي شكر.
250 ## - EDITION STATEMENT
Edition statement الطبعة الأولى.
264 #1 - PRODUCTION, PUBLICATION, DISTRIBUTION, MANUFACTURE, AND COPYRIGHT NOTICE
Place of production, publication, distribution, manufacture بيروت :
Name of producer, publisher, distributor, manufacturer عالم الكتب للطباعة والنشر،
Date of production, publication, distribution, manufacture, or copyright notice 1988.
300 ## - PHYSICAL DESCRIPTION
Extent 671 صفحة ؛
Dimensions 24 سم
336 ## - CONTENT TYPE
Content type term نص
Content type code txt
Source rdacontent
Materials specified كتاب
337 ## - MEDIA TYPE
Media type term بدون وسيط
Media type code n
Source rdamedia
338 ## - CARRIER TYPE
Carrier type term مجلد
Carrier type code nc
Source rdacarrier
500 ## - GENERAL NOTE
General note كشاف قصائد الديوان ومقطعاته.
500 ## - GENERAL NOTE
General note كشاف الأعلام : صفحة 664-670.
504 ## - BIBLIOGRAPHY, ETC. NOTE
Bibliography, etc. note يشتمل على إرجاعات ببليوجرافية.
590 ## - LOCAL NOTE (RLIN)
Local note عمر.
650 #7 - SUBJECT ADDED ENTRY--TOPICAL TERM
Topical term or geographic name entry element الشعر العربي
Chronological subdivision الحكم العثماني
Source of heading or term aucsh
700 1# - ADDED ENTRY--PERSONAL NAME
Personal name شكر، شاكر هادي،
Dates associated with a name 1907-1992
Relator term محقق.
942 ## - ADDED ENTRY ELEMENTS (KOHA)
Source of classification or shelving scheme Dewey Decimal Classification
Koha item type Books
Suppress in OPAC No
949 ## - LOCAL PROCESSING INFORMATION (OCLC)
a SA-JeALM
d 250910
u mohamedma123
n 1
Holdings
Withdrawn status Lost status Source of classification or shelving scheme Damaged status Not for loan Home library Current library Date acquired Total checkouts Full call number Barcode Date last seen Price effective from Koha item type
    Dewey Decimal Classification     DR AbdElwahab Library DR AbdElwahab Library 09/15/2025   811.84 ا ب ن م 000018947 09/15/2025 09/15/2025 Books